[Event "SWE-chT2 1112"]
[Site "Sweden"]
[Date "2012.02.05"]
[Round "6"]
[White "Fredriksson, Leif"]
[Black "Laksman, Efraim"]
[Result "1/2-1/2"]
[WhiteElo "2256"]
[BlackElo "2154"]
[PlyCount "45"]
[EventDate "2011.10.22"]
[EventType "team-tourn"]
[EventRounds "9"]
[EventCountry "SWE"]
[SourceTitle "EXT 2013"]
[Source "ChessBase"]
[SourceDate "2012.11.22"]
[SourceVersion "1"]
[SourceVersionDate "2012.11.22"]
[SourceQuality "1"]
[WhiteTeam "Norrkoping Schack 08"]
[BlackTeam "Rodeby"]
[WhiteTeamCountry "SWE"]
[BlackTeamCountry "SWE"]

1. e4 c5 2. Nf3 Nc6 3. d4 cxd4 4. Nxd4 Qb6 5. Nb3 Nf6 6. Nc3 e6 7. Bd3 a6 8. 0-0 Be7 9. Be3 Qc7 10. a4 b6 11. f4 d6 12. Qf3 Bb7 13. Qh3 Nb4 14. a5 b5 15. Bb6 Qd7 16. Rac1 e5 17. f5 Rc8 18. Rf2 h5 19. Bf1 Ng4 20. Re2 Bd8 21. Bxd8 Qxd8 22. Qf3 Qh4 23. g3 1/2-1/2

[Event "SWE-chT2 1112"]
[Site "Sweden"]
[Date "2012.01.14"]
[Round "4"]
[White "Fries Nielsen, Niels Jorgen"]
[Black "Laksman, Efraim"]
[Result "1/2-1/2"]
[WhiteElo "2315"]
[BlackElo "2154"]
[PlyCount "80"]
[EventDate "2011.10.22"]
[EventType "team-tourn"]
[EventRounds "9"]
[EventCountry "SWE"]
[SourceTitle "EXT 2013"]
[Source "ChessBase"]
[SourceDate "2012.11.22"]
[SourceVersion "1"]
[SourceVersionDate "2012.11.22"]
[SourceQuality "1"]
[WhiteTeam "Burgsvik Alva"]
[BlackTeam "Rodeby"]
[WhiteTeamCountry "SWE"]
[BlackTeamCountry "SWE"]

1. a3 g6 2. h4 Nf6 3. b4 Bg7 4. Bb2 d5 5. Nf3 c6 6. Qc1 a5 7. b5 c5 8. h5 gxh5 9. d3 Bf5 10. a4 Nbd7 11. g3 e6 12. Bg2 Qc7 13. Qf4 Qxf4 14. gxf4 Rg8 15. Nh4 Bg6 16. Nd2 0-0-0 17. Ndf3 Ng4 18. Bxg7 Rxg7 19. Nd2 b6 20. f5 exf5 21. Bxd5 Nde5 22. Bg2 f4 23. Bh3 Kc7 24. Ng2 f3 25. exf3 Bxd3 26. fxg4 hxg4 27. Nf4 Bxc2 28. Bg2 g3 29. Nd5+ Rxd5 30. Bxd5 Nd3+ 31. Kf1 Nf4 32. fxg3 Nxd5 33. Ra3 Rg4 34. Rh4 Rxh4 35. gxh4 f5 36. Kf2 Kd6 37. Nc4+ Ke6 38. Ra1 Bb3 39. Nd2 Bc2 40. Nc4 Bb3 1/2-1/2

[Event "SWE-chT2 1011"]
[Site "Sweden"]
[Date "2011.03.11"]
[Round "7"]
[White "Laksman, Efraim"]
[Black "Hallerod, Ralph"]
[Result "1-0"]
[WhiteElo "2186"]
[BlackElo "2139"]
[PlyCount "57"]
[EventDate "2010.10.23"]
[EventType "team-tourn"]
[EventRounds "9"]
[EventCountry "SWE"]
[SourceTitle "EXT 2012"]
[Source "ChessBase"]
[SourceDate "2011.11.24"]
[SourceVersion "1"]
[SourceVersionDate "2011.11.24"]
[SourceQuality "1"]
[WhiteTeam "Rodeby"]
[BlackTeam "Wasa"]
[WhiteTeamCountry "SWE"]
[BlackTeamCountry "SWE"]

1. c4 c6 2. e4 d5 3. cxd5 cxd5 4. exd5 Qxd5 5. Nc3 Qa5 6. Qb3 Nc6 7. Nf3 Nf6 8. Bc4 e6 9. d4 Bb4 10. 0-0 0-0 11. d5 exd5 12. Nxd5 Nxd5 13. Bxd5 Ne7 14. Bc4 Bg4 15. a3 Bd6 16. Ng5 Bh5 17. Ne4 Bc7 18. Ng3 Rab8 19. Qb4 Qxb4 20. axb4 Bg6 21. b5 Nc8 22. Rd1 h5 23. Be3 Rd8 24. Rxd8+ Bxd8 25. Bf4 Nb6 26. Bxb8 Nxc4 27. Rc1 Bd3 28. b3 Nb6 29. Rd1 1-0

[Event "SWE-chC op"]
[Site "Lund"]
[Date "2010.07.08"]
[Round "6"]
[White "Laksman, Efraim"]
[Black "Lundin, Jan"]
[Result "0-1"]
[WhiteElo "2176"]
[BlackElo "2302"]
[PlyCount "46"]
[EventDate "2010.07.03"]
[EventType "swiss"]
[EventRounds "9"]
[EventCountry "SWE"]
[SourceTitle "CBM 137 Extra"]
[Source "ChessBase"]
[SourceDate "2010.09.01"]
[SourceVersion "1"]
[SourceVersionDate "2010.09.01"]
[SourceQuality "1"]

1. c4 e6 2. g3 d5 3. Bg2 c5 4. Nf3 Nc6 5. cxd5 exd5 6. d4 c4 7. 0-0 Bb4 8. Ne5 Nge7 9. Nxc6 bxc6 10. e4 0-0 11. Nc3 Be6 12. Qc2 Rb8 13. Bf4 Rb7 14. a3 Bxc3 15. bxc3 Ng6 16. Rfb1 Rb6 17. Rxb6 axb6 18. Bc1 f5 19. exf5 Bxf5 20. Qd2 Re8 21. a4 Bd3 22. Bf3 Qf6 23. Qd1 Qxf3 0-1

[Event "SWE-chB"]
[Site "Kungsor"]
[Date "2009.07.09"]
[Round "11"]
[White "Eriksson, Anders"]
[Black "Laksman, Efraim"]
[Result "1-0"]
[WhiteElo "2346"]
[BlackElo "2165"]
[PlyCount "49"]
[EventDate "2009.06.28"]
[EventType "tourn"]
[EventRounds "13"]
[EventCountry "SWE"]
[SourceTitle "EXT 2024"]
[Source "ChessBase"]
[SourceDate "2023.10.10"]
[SourceVersion "1"]
[SourceVersionDate "2023.10.10"]
[SourceQuality "1"]

1. Nf3 Nf6 2. c4 g6 3. g3 Bg7 4. Bg2 0-0 5. 0-0 d5 6. cxd5 Nxd5 7. Nc3 c5 8. Nxd5 Qxd5 9. d3 Nc6 10. Be3 Qd6 11. Rc1 Bxb2 12. Bxc5 Qf6 13. Rc2 Rd8 14. Qd2 Bd4 15. Nxd4 Nxd4 16. Rb2 Nc6 17. Rc1 Rd7 18. Be3 Rc7 19. d4 Bf5 20. d5 Rd7 21. Bg5 Qe5 22. Bf4 Qg7 23. e4 Bg4 24. h3 Bh5 25. Bh6 1-0

[Event "SWE-chB"]
[Site "Kungsor"]
[Date "2009.07.05"]
[Round "7"]
[White "Bryntze, Stefan"]
[Black "Laksman, Efraim"]
[Result "1/2-1/2"]
[WhiteElo "2010"]
[BlackElo "2165"]
[PlyCount "31"]
[EventDate "2009.06.28"]
[EventType "tourn"]
[EventRounds "13"]
[EventCountry "SWE"]
[SourceTitle "EXT 2024"]
[Source "ChessBase"]
[SourceDate "2023.10.10"]
[SourceVersion "1"]
[SourceVersionDate "2023.10.10"]
[SourceQuality "1"]

1. f4 d5 2. e3 Nf6 3. Nf3 g6 4. b3 Bg7 5. Bb2 0-0 6. Be2 c5 7. 0-0 Nc6 8. Bb5 Qb6 9. Bxc6 Qxc6 10. d3 Rd8 11. Qe1 b5 12. a4 b4 13. Nbd2 a5 14. Qh4 Ng4 15. Ne5 Bxe5 16. fxe5 1/2-1/2

[Event "SWE-chB"]
[Site "Kungsor"]
[Date "2009.07.01"]
[Round "4"]
[White "Laksman, Efraim"]
[Black "Kockum, Anton Frisk"]
[Result "1-0"]
[WhiteElo "2165"]
[BlackElo "2255"]
[PlyCount "59"]
[EventDate "2009.06.28"]
[EventType "tourn"]
[EventRounds "13"]
[EventCountry "SWE"]
[SourceTitle "EXT 2024"]
[Source "ChessBase"]
[SourceDate "2023.10.10"]
[SourceVersion "1"]
[SourceVersionDate "2023.10.10"]
[SourceQuality "1"]

1. c4 f5 2. Nc3 Nf6 3. d4 d6 4. Nf3 Nc6 5. g3 g6 6. Bg2 Bg7 7. 0-0 0-0 8. d5 Ne5 9. Nxe5 dxe5 10. Qb3 Kh8 11. Rd1 h6 12. e4 f4 13. gxf4 exf4 14. e5 Ng4 15. e6 f3 16. Bh3 Ne5 17. Ne4 b6 18. Be3 Ba6 19. Rac1 Qe8 20. Bd4 g5 21. Qc3 Qh5 22. Bf1 Bxc4 23. Bxe5 Bxf1 24. Bxg7+ Kg8 25. Kxf1 Qxh2 26. Ng3 Rf4 27. Bd4 Raf8 28. Qd3 Rxd4 29. Qg6+ Kh8 30. Rxd4 1-0

[Event "Politiken Cup 28th"]
[Site "Copenhagen"]
[Date "2006.07.29"]
[Round "8"]
[White "Laksman, Efraim"]
[Black "Lund, Silas Esben"]
[Result "0-1"]
[WhiteElo "2089"]
[BlackElo "2296"]
[PlyCount "106"]
[EventDate "2006.07.22"]
[EventType "swiss"]
[EventRounds "9"]
[EventCountry "DEN"]
[SourceTitle "CBM 113 Extra"]
[Source "ChessBase"]
[SourceDate "2006.09.14"]
[SourceVersion "1"]
[SourceVersionDate "2006.09.14"]
[SourceQuality "1"]

1. e4 e5 2. Nf3 Nc6 3. Nc3 Nf6 4. Bb5 Bb4 5. d3 Nd4 6. Ba4 b5 7. Bb3 d6 8. h3 Bb7 9. 0-0 Nxb3 10. axb3 a6 11. Bg5 Bxc3 12. bxc3 h6 13. Bd2 0-0 14. c4 bxc4 15. bxc4 Nd7 16. Nh2 f5 17. Qh5 fxe4 18. Bxh6 Nf6 19. Qg6 Qd7 20. Be3 a5 21. f3 exd3 22. cxd3 Qf7 23. Qxf7+ Rxf7 24. Rfb1 Bc6 25. Nf1 a4 26. Nd2 Rff8 27. Ra3 Rfb8 28. Kf1 Kf7 29. Ke1 Ke6 30. Kd1 d5 31. Rxb8 Rxb8 32. Bg5 Rb4 33. Bxf6 gxf6 34. Kc2 Rb8 35. cxd5+ Kxd5 36. Ne4 f5 37. Nc3+ Kd4 38. Nxa4 Rg8 39. g4 Ra8 40. Kb3 f4 41. Nb2 Rxa3+ 42. Kxa3 Bxf3 43. Kb3 c5 44. Kc2 e4 45. dxe4 Bxe4+ 46. Kd2 c4 47. Nd1 f3 48. h4 Bd3 49. g5 c3+ 50. Kc1 c2 51. Nf2 Ke3 52. Ng4+ Kf4 53. Nf2 Bf5 0-1

[Event "Politiken Cup 28th"]
[Site "Copenhagen"]
[Date "2006.07.24"]
[Round "3"]
[White "Laksman, Efraim"]
[Black "Bromann, Thorbjorn"]
[Result "0-1"]
[WhiteElo "2089"]
[BlackElo "2364"]
[PlyCount "94"]
[EventDate "2006.07.22"]
[EventType "swiss"]
[EventRounds "9"]
[EventCountry "DEN"]
[SourceTitle "CBM 113 Extra"]
[Source "ChessBase"]
[SourceDate "2006.09.14"]
[SourceVersion "1"]
[SourceVersionDate "2006.09.14"]
[SourceQuality "1"]

1. Nf3 d5 2. d4 c6 3. e3 Bg4 4. c4 e6 5. b3 Nd7 6. Be2 f5 7. 0-0 Bd6 8. Ba3 Bxa3 9. Nxa3 Ngf6 10. Nd2 Bxe2 11. Qxe2 Qe7 12. Nc2 0-0 13. Rfc1 Kh8 14. b4 e5 15. b5 cxb5 16. cxb5 e4 17. a3 Qd6 18. Nb4 f4 19. exf4 Qxf4 20. Nf1 Rfd8 21. Qe3 Qd6 22. Qg3 Qb6 23. Ne3 Nf8 24. Rc5 Ne6 25. Nbxd5 Nxd5 26. Nxd5 Qa5 27. Nc7 Nxc5 28. Nxa8 Ne6 29. Qe5 Qc3 30. Rf1 Nxd4 31. Qxe4 Rxa8 32. Qxb7 Qc8 33. Qd5 Qd8 34. Qc5 Ne2+ 35. Kh1 Qd3 36. Ra1 Qc3 37. Qxc3 Nxc3 38. a4 Kg8 39. Ra3 Ne4 40. f3 Rc8 41. h3 Rc1+ 42. Kh2 Nc3 43. Kg3 Kf7 44. Kf4 Ke6 45. Ke3 Kd6 46. Kd4 Ne2+ 47. Ke3 Rc3+ 0-1